| 000 | 00347nam a2200097Ia 4500 | ||
|---|---|---|---|
| 001 | 1111650 | ||
| 005 | 20250827003915.0 | ||
| 008 | 250824s9999 xx 000 0 und d | ||
| 245 | 0 |
_aİLİM VE SANAT&PANZEHİR DERGİLERİ BAŞMAKALELERİ _cM.ES'AD COŞAN |
|
| 260 | _bSERVER İLETİŞİM DANIŞMANLIK TANITIM GAZETECİLİK VE YAYINCILIK SAN.TİC.A.Ş. | ||
| 999 |
_c1111650 _d1111650 |
||